| 000 | 00422nam a2200169Ia 4500 | ||
|---|---|---|---|
| 003 | 0100 | ||
| 008 | 130303s9999 xx 000 0 und d | ||
| 040 | _cARRUPELIB | ||
| 050 | _aR154.V57A331972 | ||
| 100 | _aViscott, David S | ||
| 245 | 4 | _aThe Making of a Psychiatrist | |
| 260 | _aGreenwich, Connecticut | ||
| 260 | _bA Fawcett Crest Book-Fawcett Publications Inc | ||
| 260 | _C1972 | ||
| 300 | _a416p | ||
| 942 | 0 | 0 | _01 |
| 999 |
_c31881 _d31881 |
||